000 00457nam a22001697a 4500
005 20251108173028.0
008 250721s2003 xx 000 0 ara d
082 1 4 _a647.9/صال
100 1 _aالصالح، همام طلال داوود
245 1 0 _aإدارة و تجهيز المطابخ /
264 1 _aد.م :
_bد.ن،
_c2003.
300 _a154 ص
650 1 7 _aالإدارة
650 1 7 _aالمطابخ
942 _2ddc
_cBK
999 _c94391
_d94391